Vista normal
Vista MARC
Entrada Nombre personal
Número de registros utilizados en: 1
001 - NÚMERO DE CONTROL
- campo de control: 93
003 - IDENTIFICADOR DEL NÚMERO DE CONTROL
- campo de control: AR-RoIUNI
005 - FECHA Y HORA DE LA ÚLTIMA TRANSACCIÓN
- campo de control: 20180914180429.0
008 - DATOS DE LONGITUD FIJA
- campo de control de longitud fija: 951208r1995 nyua b 001 0 eng
010 ## - NÚMERO DE CONTROL DE LA BIBLIOTECA DEL CONGRESO
- Número de control de LC: 95051333
020 ## - NÚMERO INTERNACIONAL ESTÁNDAR DEL LIBRO
- Número Internacional Estándar del Libro: 0517703939
040 ## - FUENTE DE LA CATALOGACIÓN
- Centro catalogador/agencia de origen: DLC
- Centro/agencia transcriptor: DLC
- Centro/agencia modificador: DLC
050 00 - SIGNATURA TOPOGRÁFICA DE LA BIBLIOTECA DEL CONGRESO
- Número de clasificación: QH366.2
- Número de documento/Ítem: .G659 1995
082 00 - SIGNATURA TOPOGRÁFICA DECIMAL DEWEY
- Número de clasificación: 575
- Número de edición: 20
100 1# - ENCABEZAMIENTO-NOMBRE DE PERSONA
- Nombre de persona: Gould, Stephen Jay.
260 ## - REFERENCIA COMPLEJA DE VÉASE--MATERIA
- Encabezamiento referido a: New York :
500 ## - TRAZADO DE VÉASE ADEMÁS--NOMBRE DE PERSONA
- Nombre de persona: Essays originally published in the Natural history magazine.
856 42 - LOCALIZACIÓN Y ACCESO ELECTRÓNICOS
- Especificación de materiales: Publisher description
- Identificador Uniforme del Recurso: http://www.loc.gov/catdir/description/random0410/95051333.html

